| 000 | 00618nam a22001577a 4500 | ||
|---|---|---|---|
| 008 | 230531b |||||||| |||| 00| 0 eng d | ||
| 040 |
_aNational Science Library _cNational Science Library |
||
| 080 |
_a621(082.2) _bN7.1 |
||
| 245 |
_aInternational conference on advances in mechanical & industrial engineering _c/ Department of Mechanical & Industrial Engineering |
||
| 260 |
_8Roorkee: _aDepartment of Mechanical & Industrial Engineering. _b1997 |
||
| 300 | _a653p. | ||
| 500 | _aVol. 1; 653p. Vol. 1; 653p. Vol. 2; 654-1177p. Vol. 2; 654-1177p. | ||
| 650 | _aScience | ||
| 653 | _aResearch | ||
| 942 |
_2udc _cBK |
||
| 999 |
_c37473 _d37473 |
||